000 00684nam a2200265Ia 4500
005 20250425161937.0
008 250425s9999 xx 000 0 und d
020 _a9688872938
041 _aspa
082 _a671.36
100 _aCAIN, TUBAL
245 0 _aENDURECIMIENTO, REVENIDO Y TRATAMIENTO TERMICO
250 _a1A ED.
260 _aMEXICO
260 _aMéxico
_bGUSTAVO GILI
_c1995
300 _a128
500 _aTítulo Traducido: HARDENING, TEMPERING AND HEAT TREATMENT
650 _aENDURECIMIENTO
650 _aENDURECIMIENTO SUPERFICIAL
650 _aHORNOS
650 _aREVENIDO
650 _aTRATAMIENTO TERMICO
942 _c01
010 _a36054
999 _c219343
_d219343